Aktorki filmowe według kraju pochodzenia - Statystyki

Ogólne statystyki
  • Ten quiz został rozwiązany 208 razy
  • Średni wynik to 12 z 16
Statystyki odpowiedzi
Aktorka: Kraj: % Poprawnych
Penélope Cruz Hiszpania
95%
Izabella Miko Polska
95%
Isabelle Adjani Francja
89%
Claudia Cardinale Włochy
84%
Ellen Page Kanada
83%
Natalia Avelon Niemcy
83%
Salma Hayek Meksyk
82%
Greta Garbo Szwecja
82%
Carice van Houten Holandia
79%
Sonia Braga Brazylia
78%
Mia Wasikowska Australia
74%
Romy Schneider Austria
71%
Liv Ullmann Norwegia
70%
Ursula Andress Szwajcaria
57%
Natalie Portman Izrael
54%
Natalia Oreiro Urugwaj
53%
Nie znaleziono quizów pasujących do podanych kryteriów
Rozkład punktacji
Procent ludzi z każdym wynikiem
Percentyl według liczby udzielonych odpowiedzi
Twoja historia wyników
Nie rozwiązałeś tego quizu